000 00329 a2200109 4500
001 ART_46933
005 20260410162041.0
008 260409a
245 1 0 _aInconstitucional reforma del Tribunal Fiscal de la Nación
100 1 _aSpisso, Rodolfo Roque
773 0 _tImpuestos
_g- N°32 (jul. 2018)
_wREV45175
999 _c34883
_d34883